Cartas y otros documentos de Hernán Cortés novísimamente descubiertos en el Archivo General de Indias de la ciudad de Sevilla e ilustrados por el P. Mariano Cuevas, S.J

Uloženo v:
Podrobná bibliografie
Hlavní autor: Cortés, Hernán (Autor)
Médium: Kniha
Jazyk:španělština
Vydáno: Sevilla Tipografía de F. Díaz y Compañía 1915
Vydání:1a. ed
Témata:
Tagy: Přidat tag
Žádné tagy, Buďte první, kdo vytvoří štítek k tomuto záznamu!

MARC

LEADER 00000nam a2200000 a 4500
001 UCJ6765
003 CL-VaPUC
008 070124e19151215SP |||||||||||||||||spa|d
082 0 4 |a 972  |b COR  |2 21 
100 0 |a Cortés, Hernán  |e author  |9 258554 
245 1 0 |a Cartas y otros documentos de Hernán Cortés novísimamente descubiertos en el Archivo General de Indias de la ciudad de Sevilla e ilustrados por el P. Mariano Cuevas, S.J 
250 |a 1a. ed 
300 |a vii, 355 p 
942 |c BK 
945 |d 20070124 00:00:00  |a rinostro 
260 |a Sevilla  |b Tipografía de F. Díaz y Compañía  |c 1915 
500 |a 4§, media pasta.- Anteport.- v.: licencias eclesíasticas 
500 |a Port.- a dos tintas.- v. en b.- Prólogo.- 355 p.- Colofón 
600 0 7 |a CUEVAS, MARIANO  |2 CL-VaPUC  |9 514058 
600 0 7 |a CORTES DE MONROY, MARTIN  |2 CL-VaPUC  |9 514059 
650 0 |a Correspondencia  |9 258963 
650 0 |a Fuentes Históricas  |9 265141 
650 0 |a Colonización española  |9 256592 
650 0 |a Biografías  |9 255210 
651 0 |a México  |9 255269 
651 7 |a HONDURAS  |2 CL-VaPUC  |9 257740 
583 |a last modification  |c 20070124 00:00:00  |k Rodrigo Vera 
999 |c 322867  |d 322865 
952 |0 0  |1 0  |4 0  |6 972_000000000000000_COR_1915  |7 0  |8 X  |9 401996  |a FDOBUD  |b FDOBUD  |d 2019-11-22  |i 1052594  |o 972 COR 1915  |p 1052594  |r 2019-11-22  |w 2019-11-22  |y BK_X  |k BUD